• Fernández Torres, Juan Ramón

di Personal Name

Records bibliografici associati: 1

001 - CONTROL NUMBER

  • control field: 60782

003 - CONTROL NUMBER IDENTIFIER

  • control field: IT-RoINE

005 - DATE AND TIME OF LATEST TRANSACTION

  • control field: 20190621090731.0

008 - FIXED-LENGTH DATA ELEMENTS

  • fixed length control field: 190621|| aca||aabn | a|a d

040 ## - CATALOGING SOURCE

  • Original cataloging agency: IT-RoINE
  • Transcribing agency: IT-RoINE

100 ## - HEADING--PERSONAL NAME

  • Personal name: Fernández Torres, Juan Ramón

670 ## - SOURCE DATA FOUND

  • Source citation: Work cat.: (IT-RoINE)0: Fernández Torres, Juan Ramón, Historia legal de la jurisdicción contencioso-administrativa (1845-1998) /, 2007.